[Event "Immopar (1/8)"]
[Site "?"]
[Date "1992.??.??"]
[Round "?"]
[White "Salov, V."]
[Black "Youssoupov, A."]
[Result "0-1"]
[WhiteElo "2655"]
[BlackElo "2640"]
[PlyCount "107"]
[EventDate "1992.??.??"]
[Source "www.chesslib.no"]
[SourceDate "2004.05.04"]

1. d4 d5 2. c4 c6 3. cxd5 cxd5 4. Nc3 Nf6 5. Bf4 Nc6 6. e3 Bf5 7. Nf3 e6 8. Qb3 Bb4 9. Bb5 Bxc3+ 10. Qxc3 O-O 11. O-O Rc8 12. Rfc1 Qb6 13. Qc5 Nxd4 14. Qxb6 Nxf3+ 15. gxf3 axb6 16. Bc7 Ne8 17. Bxb6 Nd6 18. Be2 Nc4 19. Bd4 Rfd8 20. Bxc4 dxc4 21. Kg2 f6 22. a4 e5 23. Bc3 e4 24. fxe4 Bxe4+ 25. f3 Bg6 26. a5 Rc5 27. h4 Bd3 28. e4 Kf7 29. Kf2 Rh5 30. Rh1 Rd6 31. Ke3 Bc2 32. Rac1 Rd3+ 33. Kf4 Ba4 34. Kg4 g6 35. Kg3 f5 36. Kf2 fxe4 37. fxe4 Bc6 38. Rce1 Ke6 39. Re3 Rxe3 40. Kxe3 g5 41. Be1 g4 42. Kf4 Re5 43. Rg1 h5 44. Bc3 Rxe4+ 45. Kg5 Be8 46. Re1 Rxe1 47. Bxe1 Ke5 48. Bf2 Ke4 49. Bb6 Kf3 50. Bc5 g3 51. Kf5 g2 52. Ke6 Ke2 53. Kd6 Kf1 54. Kc7 0-1

[Event "ch-FRA"]
[Site "Val d'Isere"]
[Date "2004.08.21"]
[Round "6"]
[White "Vaisser, Anatoli"]
[Black "Fressinet, Laurent"]
[Result "0-1"]
[WhiteElo "2580"]
[BlackElo "2637"]
[PlyCount "188"]
[EventDate "2004.08.16"]
[Source "Roberto Alvarez"]
[SourceDate "2004.09.06"]

1. d4 d5 2. c4 c6 3. cxd5 cxd5 4. Nf3 Nf6 5. Nc3 Nc6 6. Bf4 Bf5 7. e3 e6 8. Bb5 Nd7 9. Qa4 Rc8 10. O-O a6 11. Bxc6 Rxc6 12. Rfc1 Be7 13. Ne2 Qb6 14. Rxc6 bxc6 15. Qb3 f6 16. Nc3 Kf7 17. Qxb6 Nxb6 18. Nd2 Rc8 19. Rc1 g5 20. Bg3 c5 21. dxc5 Bxc5 22. Nb3 Bb4 23. f3 Bxc3 24. Rxc3 Rxc3 25. bxc3 Na4 26. Bd6 Nxc3 27. Nc5 Nxa2 28. Nxa6 Nc3 29. Kf2 Bd3 30. Nc5 Bc4 31. Ke1 e5 32. Bc7 Nb5 33. Ba5 Na7 34. Kf2 Nc6 35. Bc7 Ke7 36. g3 Kf7 37. h4 gxh4 38. gxh4 Ne7 39. f4 e4 40. Ba5 Nf5 41. Bc3 Nxh4 42. Nd7 Nf5 43. Nxf6 d4 44. Bxd4 Nxd4 45. Nxe4 Nb5 46. Ng5+ Kg6 47. e4 Ba2 48. Kg3 Nd6 49. Kf3 Bb1 50. e5 Nf5 51. Ne6 Ba2 52. Nf8+ Kg7 53. Nd7 Be6 54. Nc5 Bd5+ 55. Kg4 Kg6 56. Nd7 h5+ 57. Kh3 Bf3 58. Nf8+ Kf7 59. Nh7 Bg4+ 60. Kh2 Ke7 61. Nf6 Ke6 62. Ne4 Kf7 63. Nf6 Kg6 64. Kg2 Nh6 65. Kg3 Be6 66. Kh4 Nf5+ 67. Kh3 Bc4 68. Kg2 Bb5 69. Kh2 Be2 70. Kh3 Kf7 71. Kg2 Ke7 72. Kf2 Bd1 73. Ke1 Bg4 74. Kf2 Ke6 75. Kg2 Bd1 76. Kh3 Ne7 77. Kg3 Ng6 78. Ne4 h4+ 79. Kh3 Kf5 80. Nf6 Be2 81. Nd5 Bg4+ 82. Kh2 Nxf4 83. Ne3+ Kg5 84. Kg1 Ng6 85. Ng2 h3 86. Kh2 Nxe5 87. Kg3 hxg2 88. Kxg2 Kf4 89. Kf2 Nd3+ 90. Kg2 Bf5 91. Kf1 Kf3 92. Kg1 Bh3 93. Kh2 Nf4 94. Kh1 Kg3 0-1

[Event "ch-Euro Blitz"]
[Site "Ajaccio FRA"]
[Date "2007.10.26"]
[Round "27"]
[White "Cvitan, O."]
[Black "Tkachiev, V."]
[Result "1/2-1/2"]
[WhiteElo "2543"]
[BlackElo "2661"]
[PlyCount "53"]
[EventDate "2007.10.25"]
[Source "www.chesslib.no"]
[SourceDate "2004.05.04"]

1. d4 d5 2. c4 c6 3. Nf3 Nf6 4. cxd5 cxd5 5. Nc3 Nc6 6. Bf4 Bf5 7. e3 e6 8. Bb5 Nd7 9. O-O Rc8 10. Qb3 Be7 11. Rfc1 g5 12. Bg3 h5 13. h3 g4 14. hxg4 hxg4 15. Ne1 Bh4 16. Ne2 Bg6 17. Bd3 Bxd3 18. Nxd3 Bxg3 19. Nxg3 Nb6 20. Ne5 Nxe5 21. dxe5 O-O 22. Qb4 Rc4 23. Rxc4 Nxc4 24. b3 Nxe5 25. Qf4 Ng6 26. Qxg4 Qh4 27. Rc1 1/2-1/2

[Event "Memorial Xose Enrique Rodriguez Pena"]
[Site "Ourense SPA"]
[Date "2007.06.11"]
[Round "5"]
[White "Graf, A."]
[Black "Felgaer, R."]
[Result "1-0"]
[WhiteElo "2620"]
[BlackElo "2574"]
[PlyCount "71"]
[EventDate "2007.06.07"]
[Source "www.chesslib.no"]
[SourceDate "2004.05.04"]

1. d4 d5 2. c4 c6 3. Nf3 Nf6 4. cxd5 cxd5 5. Nc3 Nc6 6. Bf4 Bf5 7. e3 e6 8. Bb5 Nd7 9. O-O Be7 10. Qb3 O-O 11. Rfc1 g5 12. Bg3 h5 13. h3 Rc8 14. Bxc6 bxc6 15. Qb7 h4 16. Bh2 g4 17. hxg4 Bxg4 18. Na4 Kh8 19. Rxc6 Rxc6 20. Qxc6 Rg8 21. Ne1 Bb4 22. Nc3 Bh3 23. Bf4 Rg6 24. Kh2 e5 25. Qxd5 exf4 26. Kxh3 fxe3 27. Nf3 exf2 28. Ne5 Rg3+ 29. Kh2 Qf6 30. Nxd7 f1=Q 31. Nxf6 Qxf6 32. Ne4 Qf4 33. Nxg3 Qxg3+ 34. Kg1 Bd6 35. Rf1 Qh2+ 36. Kf2 1-0

[Event "Reykjavik ISL"]
[Site "?"]
[Date "2006.03.08"]
[Round "3"]
[White "Danielsen Henrik"]
[Black "Fressinet Laurent"]
[Result "1/2-1/2"]
[WhiteElo "2520"]
[BlackElo "2625"]
[PlyCount "82"]
[EventDate "2006.??.??"]
[Source "www.chesslib.no"]
[SourceDate "2004.05.04"]

1. d4 d5 2. c4 c6 3. cxd5 cxd5 4. Nf3 Nf6 5. Nc3 Nc6 6. Bf4 Bf5 7. e3 e6 8. Bd3 Bxd3 9. Qxd3 Be7 10. O-O O-O 11. Ne5 Nxe5 12. Bxe5 Nd7 13. Bg3 Rc8 14. Rfc1 a6 15. Rc2 Nb6 16. Ne2 Rxc2 17. Qxc2 Qd7 18. Rc1 Rc8 19. Qd1 Nc4 20. b3 Na5 21. Rxc8+ Qxc8 22. Qc1 Nc6 23. Nf4 Qd8 24. Nd3 Qa5 25. Qc2 h5 26. f3 Qd8 27. h3 Ba3 28. Qc3 Qe7 29. Bf4 Bb4 30. Qc2 Qd8 31. Kf2 Be7 32. Kf1 Qa5 33. Bg3 Bg5 34. Bf2 Qa3 35. Ke2 Be7 36. Bg3 Bf6 37. Kf2 Bd8 38. Ke2 Bb6 39. Kf1 Qe7 40. Ne5 Nxe5 41. Bxe5 Qd7 1/2-1/2

[Event "CSR-ch"]
[Site "Brno"]
[Date "1975.??.??"]
[Round "8"]
[White "Hort, Vlastimil"]
[Black "Jansa, Vlastimil"]
[Result "1/2-1/2"]
[WhiteElo "2600"]
[BlackElo "2540"]
[PlyCount "29"]
[EventDate "1975.??.??"]
[Source "ChessBase"]

1. Nf3 c5 2. c3 Nf6 3. d4 cxd4 4. cxd4 d5 5. Nc3 Nc6 6. Bf4 Bf5 7. e3 e6 8. Bd3 Bxd3 9. Qxd3 Bd6 10. Bg3 O-O 11. O-O Bxg3 12. hxg3 Qe7 13. Rac1 Rac8 14. Rfd1 Rfd8 15. Nd2 1/2-1/2

[Event "Bonn GSK"]
[Site "Bonn"]
[Date "1995.??.??"]
[Round "6"]
[White "Glek, Igor V"]
[Black "Piskov, Yury"]
[Result "1/2-1/2"]
[WhiteElo "2590"]
[BlackElo "2540"]
[PlyCount "21"]
[EventDate "1995.??.??"]
[Source "ChessBase"]

1. d4 d5 2. c4 c6 3. Nf3 Nf6 4. cxd5 cxd5 5. Nc3 Nc6 6. Bf4 Bf5 7. e3 e6 8. Qb3 Qb6 9. Bb5 Be7 10. O-O O-O 11. Rfc1 1/2-1/2

[Event "Christmas Open"]
[Site "Zurich"]
[Date "2003.12.28"]
[Round "4"]
[White "Fridman, Daniel"]
[Black "Malakhatko, Vadim"]
[Result "1-0"]
[WhiteElo "2592"]
[BlackElo "2529"]
[PlyCount "45"]
[EventDate "2003.12.26"]
[Source "Roberto Alvarez"]
[SourceDate "2004.01.05"]

1. Nf3 d5 2. d4 Nf6 3. c4 c6 4. cxd5 cxd5 5. Nc3 Nc6 6. Bf4 Bf5 7. e3 e6 8. Qb3 Bb4 9. Bb5 O-O 10. O-O Bxc3 11. Bxc6 Bxb2 12. Bxb7 Bxa1 13. Rxa1 Rb8 14. Bxb8 Qxb8 15. Rc1 h6 16. h3 Ne4 17. Ne5 Qd8 18. Rc8 Qa5 19. Rxf8+ Kxf8 20. Bxd5 Qxd5 21. Qb8+ Ke7 22. Qc7+ Ke8 23. Nc6 1-0

[Event "Nikolaev zt"]
[Site "Nikolaev"]
[Date "1995.??.??"]
[Round "11"]
[White "Lerner, Konstantin Z"]
[Black "Kruppa, Yuri"]
[Result "1/2-1/2"]
[WhiteElo "2560"]
[BlackElo "2555"]
[PlyCount "21"]
[EventDate "1995.03.??"]
[Source "ChessBase"]

1. d4 d5 2. c4 c6 3. cxd5 cxd5 4. Nf3 Nf6 5. Nc3 Nc6 6. Bf4 Bf5 7. e3 e6 8. Bd3 Bxd3 9. Qxd3 Bd6 10. O-O O-O 11. Bg3 1/2-1/2